Magyarul is száll az ének

Bibliographic Details
Main Author: Mészáros, Péter, 1978- (Author)
Format: Article
Language:Hungarian
Subjects:

MARC

LEADER 00000nab a2200000 a 4500
001 vtls000806079
003 SK-MaSNL
005 20260318114611.0
008 160405c2002 xo 0 hun
015 |a SNBRB2002/09-27805 
035 |a CLN000157734 
040 |a SNKBUCL  |b slo  |c SNKBUCL  |e AACR2 
041 0 |a hun 
044 |a xo  |c SK 
080 |a 282:726.54(437.618)  |2 1997 
080 |a 726.54(437.618)  |2 1997 
100 1 |a Mészáros, Péter,  |d 1978-  |4 aut  |9 840038 
245 1 0 |a Magyarul is száll az ének  |c Mészáros Péter 
300 |b Fotogr. 
610 7 |a Rímskokatolícky kostol (Levice, Slovensko)  |x výstavba  |2 snkbucl  |9 1614278 
650 0 7 |a kostoly  |z Slovensko  |2 snkbucl  |9 702780 
651 7 |a Levice (Slovensko : okres)  |2 snkbucl  |9 15245 
655 7 |a články z novín a časopisov  |2 snkbucl  |9 267496 
773 0 |x 1335-6534  |t Remény  |g Roč. 13, č. 34 (2002), s. 4 
850 |a Slovenská národná knižnica v Martine 
852 |a SNK  |b KIS3GCP 
958 |a HU 
958 |a SK 
958 |a RBX 
999 |c 3324924  |d 3326854